Corpus Christi (Record no. 5731)

MARC details
000 -CABECERA
campo de control de longitud fija 01444nam a2200313 a 4500
001 - NÚMERO DE CONTROL
campo de control BRCA_6043
005 - FECHA Y HORA DE LA ÚLTIMA TRANSACCIÓN
campo de control 20190320205317.0
008 - DATOS DE LONGITUD FIJA--INFORMACIÓN GENERAL
campo de control de longitud fija 130511s2006----mx-a######---#000-0#spa-#
020 ## - NÚMERO INTERNACIONAL ESTÁNDAR DEL LIBRO
Número Internacional Estándar del Libro 9709719041
041 ## - CÓDIGO DE LENGUA
Código de lengua del texto/banda sonora o título independiente spa
044 ## - CÓDIGO DEL PAÍS DE LA ENTIDAD EDITORA/PRODUCTORA
Código MARC del país mx
050 #4 - SIGNATURA TOPOGRÁFICA DE LA BIBLIOTECA DEL CONGRESO
Número de clasificación CD3651
Número de documento/Ítem .C63 2006
245 10 - MENCIÓN DE TÍTULO
Título Corpus Christi
Resto del título Sede del Acervo Histórico del Archivo General de Notarías
Mención de responsabilidad, etc. presentación Alejandro Encinas ; introducción Guillermo Tovar de Teresa ; textos María Estela Ríos González ... [et al.] ; edición Carlos González Manterola ; fotografía José Ignacio González Manterola.
260 ## - PUBLICACIÓN, DISTRIBUCIÓN, ETC.
Lugar de publicación, distribución, etc. México
Nombre del editor, distribuidor, etc. Gobierno del Distrito Federal. Fideicomiso Centro Histórico
Fecha de publicación, distribución, etc. 2006
300 ## - DESCRIPCIÓN FÍSICA
Extensión 285 p.
Otras características físicas il. (algunas a color)
Dimensiones 34 cm.
500 ## - NOTA GENERAL
Nota general Incluye piezas de la colección Franz Mayer: p. 83 y 104.
500 ## - NOTA GENERAL
Nota general Donación Dra. Elsa Barberena
610 24 - PUNTO DE ACCESO ADICIONAL DE MATERIA--NOMBRE DE ENTIDAD CORPORATIVA
Nombre de entidad corporativa o nombre de jurisdicción como elemento de entrada Convento de Corpus Christi
Subdivisión geográfica Ciudad de México
9 (RLIN) 15242
650 14 - PUNTO DE ACCESO ADICIONAL DE MATERIA--TÉRMINO DE MATERIA
Término de materia o nombre geográfico como elemento de entrada Arquitectura de edificios
Subdivisión geográfica Ciudad de México
9 (RLIN) 15243
650 14 - PUNTO DE ACCESO ADICIONAL DE MATERIA--TÉRMINO DE MATERIA
Término de materia o nombre geográfico como elemento de entrada Edificios históricos
Subdivisión general Conservación y restauración
Subdivisión geográfica Ciudad de México
9 (RLIN) 15244
651 #4 - PUNTO DE ACCESO ADICIONAL DE MATERIA--NOMBRE GEOGRÁFICO
Nombre geográfico Ciudad de México (México)
Subdivisión general Edificios, estructuras, etc.
9 (RLIN) 15245
700 1# - PUNTO DE ACCESO ADICIONAL--NOMBRE DE PERSONA
Nombre de persona Encinas R., Alejandro.
9 (RLIN) 15246
700 1# - PUNTO DE ACCESO ADICIONAL--NOMBRE DE PERSONA
Nombre de persona Tovar de Teresa, Guillermo.
9 (RLIN) 3098
700 1# - PUNTO DE ACCESO ADICIONAL--NOMBRE DE PERSONA
Nombre de persona Ríos González, María Estela
9 (RLIN) 15247
700 1# - PUNTO DE ACCESO ADICIONAL--NOMBRE DE PERSONA
Nombre de persona González Manterola, Carlos.
9 (RLIN) 3515
700 1# - PUNTO DE ACCESO ADICIONAL--NOMBRE DE PERSONA
Nombre de persona González Manterola, José Ignacio.
9 (RLIN) 2339
902 ## - CATALOGADOR
Iniciales DEB
942 ## - ELEMENTOS DE PUNTO DE ACCESO ADICIONAL (KOHA)
Fuente del sistema de clasificación o colocación Library of Congress Classification
Tipo de ítem Koha Libros
Holdings
Estado de retiro Estado de pérdida Estado dañado No para préstamo Localización permanente Ubicación/localización actual Fecha de adquisición Total de préstamos Signatura topográfica completa Código de barras Fecha visto por última vez Precio válido a partir de Tipo de ítem Koha
El ejemplar forma parte de la colección y puede ser consultado según las políticas vigentes.       Biblioteca del Museo Franz Mayer (Rogerio Casas-Alatriste) Biblioteca del Museo Franz Mayer (Rogerio Casas-Alatriste) 13/05/2011   CD3651 .C63 2006 DEB00001 22/03/2019 22/03/2019 Libros